|
|
|
|
| LEADER |
00632cam a2200205 7i4500 |
| 001 |
0000015456 |
| 005 |
20060515090000.0 |
| 020 |
0 |
0 |
|a 9981-06-006-2
|
| 090 |
0 |
0 |
|a MORC 338.7025
|b KOM
|
| 245 |
0 |
0 |
|a Kompass :
|b Maroc 2004.
|
| 250 |
0 |
0 |
|a 20th ed.
|
| 260 |
0 |
0 |
|a Casablanca:
|b Kompass Maroc,
|c 2004.
|
| 300 |
# |
# |
|a (v.p).
|
| 500 |
0 |
0 |
|a Products and services
|
| 500 |
0 |
0 |
|a Enterprises
|
| 650 |
0 |
0 |
|a Business --
|x Directories --
|z Morocco
|
| 650 |
0 |
0 |
|a Importers --
|x Directories --
|z Morocco
|
| 650 |
0 |
0 |
|a Exporters --
|x Directories --
|z Morocco
|
| 651 |
0 |
0 |
|a Morocco
|
| 999 |
|
|
|a PNG000233B
|b Directories
|c Countries
|e MATRADE Northern Regional Office
|